000 00342nam a2200145Ia 4500
100 _aMood A.M;Graybill F.A&Boes D.C
942 _cRB
654 _aStatistics
245 _aIntroducution to the theory of statistics
260 _bMcGraw Hill
_aAuckland
_c1974
082 _a519
_bMOO/GRA
300 _a564
546 _aENGLISH
999 _c22423
_d22423